000 00357nam a2200133Ia 4500
008 240624s9999 xx 000 0 und d
041 _aeng
082 _a651.7 BOO
100 _aBOOHER DIANA
245 _aE WRITING 21ST CENTURY TOOLS FOR EFFECTI
260 _c2006
_aNew Delhi
_bMacmillan India
300 _axi, : 383 : p. : cm. ; 24
365 _cRS
_b33.33
999 _c11946
_d11946